Movies Quiz

Random Movies or Director Quiz

300 Modern Directors Quiz Stats

 Plays Quiz not verified by Sporcle

Score 0/300 Timer 20:00
1 Play Today
Example Films Director % Correct
Annie Hall, Vicky Cristina BarcelonaWoody Allen
86.7%
Jaws, Schindler's ListSteven Spielberg
86.2%
THX 1138, Star WarsGeorge Lucas
84.1%
Rushmore, Fantastic Mr. FoxWes Anderson
83.6%
Aliens, The TerminatorJames Cameron
83.5%
Unforgiven, Gran TorinoClint Eastwood
83.3%
Boogie Nights, MagnoliaPaul Thomas Anderson
83.3%
Brokeback Mountain, HulkAng Lee
83.1%
Malcolm X, Inside ManSpike Lee
82.4%
Apocalypse Now, The GodfatherFrancis Ford Coppola
82%
The Shining, Dr. StrangeloveStanley Kubrick
81.7%
The Virgin Suicides, Lost In TranslationSofia Coppola
81.2%
Batman, Ed WoodTim Burton
80.8%
Resident Evil, Death RacePaul W. S. Anderson
80.2%
Gone Baby Gone, The TownBen Affleck
79%
Goodfellas, Raging BullMartin Scorsese
78.4%
Logan's Run, The Dam BustersMichael Anderson
78.4%
Star Trek, Mission Impossible IIIJ.J Abrams
77.5%
Reservoir Dogs, Pulp FictionQuentin Tarantino
77%
Braveheart, ApocalyptoMel Gibson
76.9%
Armageddon, TransformersMichael Bay
76.9%
Heavenly Creatures, Lord Of The RingsPeter Jackson
76.3%
Fargo, The Big LebowskiThe Coen Brothers
76.1%
Gladiator, Blade RunnerRidley Scott
76.1%
Point Break, The Hurt LockerKathryn Bigelow
75.8%
Inception, The Dark KnightChristopher Nolan
75.5%
Clerks, DogmaKevin Smith
75.1%
Crimson Tide, Enemy Of The StateTony Scott
74.9%
Blazing Saddles, SpaceballsMel Brooks
74.9%
Dances With Wolves, Open RangeKevin Costner
74.1%
Eraserhead, The Elephant ManDavid Lynch
73.7%
Fight Club, The Social NetworkDavid Fincher
73.3%
Terms Of Endearment, As Good As It GetsJames L. Brooks
73.2%
The 40 Year Old Virgin, Knocked UpJudd Apatow
72.2%
MASH, Gosford ParkRobert Altman
71.7%
Cocoon, Apollo 13Ron Howard
71.2%
Requiem For A Dream, Black SwanDarren Aronofsky
70.9%
Good Night And Good Luck, LeatherheadsGeorge Clooney
70.8%
Trainspotting, SunshineDanny Boyle
70.7%
Brazil, Twelve MonkeysTerry Gilliam
70.7%
Platoon, Wall StreetOliver Stone
69.9%
Moon, Source CodeDuncan Jones
69.6%
Life Of Brian, The Meaning Of LifeTerry Jones
69.5%
Bowling For Columbine, Farenheit 9/11Michael Moore
69.4%
Heat, CollateralMichael Mann
69.1%
American Beauty, Road To PerditionSam Mendes
68.9%
Scream, Nightmare On Elm StreetWes Craven
68.2%
Chinatown, The PianistRoman Polanski
67.7%
Escape From New York, The ThingJohn Carpenter
67.6%
A Fistful Of Dollars, A Fistful Of DynamiteSergio Leone
67.1%
Cronos, Pan's LabyrinthGuillermo Del Toro
67%
Hamlet, ThorKenneth Branagh
66.9%
Home Alone, Harry Potter 2Chris Columbus
66.8%
Scarface, Carlitos WayBrian De Palma
66.8%
Reds, Dick TracyWarren Beatty
66.6%
Back To The Future, Cast AwayRobert Zemeckis
66.4%
One Flew Over Cuckoos Nest, AmadeusMilos Forman
66.3%
Philadelphia, Silence Of The LambsJonathan Demme
65.9%
Ordinary People, Quiz ShowRobert Redford
65%
Adaptation, Being John MalkovichSpike Jonze
64.9%
Kagemusha, YojimboAkira Kurosawa
64.8%
Spiderman, Evil DeadSam Raimi
64.8%
Big, A League Of Their OwnPenny Marshall
64.6%
Chicago, NineRob Marshall
64.5%
This Is Spinal Tap, A Few Good MenRob Reiner
64.4%
Shawshank Redemption, The Green MileFrank Darabont
64.1%
Rocky Balboa, The ExpendablesSylvester Stallone
64%
Harry Potter 3 , Children Of MenAlfonso Cuaron
64%
Snatch, Sherlock HolmesGuy Ritchie
63.9%
Gandhi, A Bridge Too FarRichard Attenborough
63.7%
Leon, The Fifth ElementLuc Besson
63.6%
Beaches, Pretty WomanGarry Marshall
63.6%
Volver, La Mala EducacionPedro Almodovar
63.3%
Pineapple Express, George WashigtonDavid Gordon Green
63.3%
Weird Scince, Ferris BuellerJohn Hughes
63.2%
Charlie's Angels, Terminator SalvationJoseph McGinty Nichol
63.2%
Romeo And Juliet, Moulin RougeBaz Luhrmann
62.6%
Days Of Heaven, The Thin Red LineTerrence Malick
62.6%
Oceans Eleven, TrafficSteven Soderbergh
62.5%
Sin City, DesperadoRobert Rodriguez
62.5%
The Damned United, The King's SpeechTom Hooper
62.3%
Alive, ArachnaphobiaFrank Marshall
62%
Chicken Run, Wallace And GromitNick Park
62%
Texas Chainsaw Massacre, PoltergeistTobe Hooper
61.9%
The Sixth Sense, UnbreakableM. Night Shyamalan
61.7%
The Virgin Spring, Wild StrawberriesIngmar Bergman
61.5%
The Graduate, Charlie Wilson's WarMike Nichols
61.5%
Hancock, The KingdomPete Berg
61.2%
Dazed And Confused, School Of RockRichard Linklater
61.2%
A History Of Violence, Eastern PromisesDavid Cronenberg
61%
Dog Day Afternoon, The VerdictSidney Lumet
60.6%
Jerry Maguire, Vanilla SkyCameron Crowe
60.4%
Ghostbusters, EvolutionIvan Reitman
60.3%
Juno, Thank You For SmokingJason Reitman
60.2%
Amarcord, 8 1/2Federico Fellini
60.2%
The Usual Suspects, X-MenBryan Singer
60.1%
The Deer Hunter, Heaven's GateMichael Cimino
60%
Better Luck Tomorrow, Fast FiveJustin Lin
59.9%
The Fast And The Furious, xXxRob Cohen
59.7%
United 93, The Bourne UltimatumPaul Greengrass
59.6%
Example Films Director % Correct
Good Will Hunting, MilkGus Van Sant
59.5%
A Passge To India, Doctor ZhivagoDavid Lean
59.5%
The Incredibles, RatatouilleBrad Bird
59.2%
Tropic Thunder, ZoolanderBen Stiller
58.9%
Brick, LooperRian Johnson
58.6%
Mad Max, Happy FeetGeorge Miller
58.1%
Daredevil, Ghost RiderMark Steven Johnson
58.1%
The Piano, Portrait Of A LadyJane Campion
58.1%
Hard Boiled, Face OffJohn Woo
58%
Iron Man, Cowboys And AliensJon Favreau
57.8%
Capote, MoneyballBennett Miller
57.4%
Into The Wild, The PledgeSean Penn
57.1%
Superman, Lethal WeaponRichard Donner
56.7%
Team America, South Park MovieTrey Parker
56.6%
Easy Rider, ColorsDennis Hopper
56.5%
Out Of Africa, The FirmSydney Pollack
56.3%
To Live And Die In LA, The ExorcistWilliam Friedkin
55.5%
Rain Man, SleepersBarry Levinson
55.1%
300, WatchmenZack Snyder
54.7%
Dawn Of The Dead, Day Of The DeadGeorge A. Romero
54.2%
The English Patient, Cold MountainAnthony Minghella
54.2%
A Bronx Tale, The Good ShepherdRobert De Niro
54.1%
Dumb And Dumber, KingpinFarrelly Brothers
53.9%
Toy Story, Toy Story 2John Lasseter
53.8%
Kiss Kiss Bang Bang, Iron Man 3Shane Black
53.8%
Independence Day, 2012Roland Emmerich
53.7%
Caddyshack, Groundhog DayHarold Ramis
53.5%
Bad Lieutenant, AguirreWerner Herzog
53.3%
Scott Pilgrim, Shaun Of The DeadEdgar Wright
53%
Three Kings, The FighterDavid O. Russell
53%
L.A Confidential, 8 MileCurtis Hanson
52.7%
The Sting, Slap ShotGeorge Roy Hill
52.7%
Vera Drake, Secrets And LiesMike Leigh
52.6%
Rocky, The Karate KidJohn G. Avildsen
52%
Atonement, HannaJoe Wright
52%
Babel, BiutifulAlejandro Gonzalez Inarritu
51.7%
The Blues Brothers, Three AmigosJohn Landis
51.6%
The Warriors, 48 Hrs.Walter Hill
51.4%
Crash, In The Valley Of ElahPaul Haggis
50.8%
The Wild Bunch, Cross Of IronSam Peckinpah
50.7%
Witness, The Truman ShowPeter Weir
50.4%
Die Hard, PredatorJohn McTiernan
49.7%
The Last Picture Show, Illegally YoursPeter Bogdanovich
49.6%
Robocop, Black BookPaul Verhoeven
49.3%
Sideways, About SchmidtAlexander Payne
49.3%
Serenity, The AvengersJoss Whedon
48.7%
Escape To Victory, Prizzi's HonourJohn Huston
48.4%
Sleepless In Seattle, Julie And JuliaNora Ephron
47.8%
Cabin Fever, HostelEli Roth
47.7%
Ghost, Airplane!Jerry Zucker
47.5%
House Of 1000 Corpses, Devil's RejectsRob Zombie
47.3%
Deliverance, Hope And GloryJohn Boorman
47.3%
Office Space, IdiocracyMike Judge
47%
Spirited Away, PonyoHayao Mizayaki
46.8%
Boyz N The Hood, RosewoodJohn Singleton
46.8%
The Naked Gun, The Naked Gun 2 1/2David Zucker
46.8%
Hot Shots, Hot Shots Part DeuxJim Abrahams
46.6%
The Queen, High FidelityStephen Frears
46.6%
Das Boot, Air Force OneWolfgang Petersen
46.3%
The Matrix, Speed RacerWachowski Siblings
45.6%
The Element Of Crime, AntichristLars Von Trier
45.4%
Gremlins, PiranhaJoe Dante
45.4%
The Ring, Pirates Of The CaribbeanGore Verbinski
45.3%
The Squid And The Whale, GreenbergNoah Baumbach
45.1%
Swingers, The Bourne IdentityDoug Liman
44.7%
Precious, ShadowboxerLee Daniels
44.6%
District 9, ElysiumNeill Blomkamp
44%
The Great Muppet Caper, LabyrinthJim Henson
43.9%
Harry Potter 5, Harry Potter 6David Yates
43.4%
Billy Elliot, The ReaderStephen Daldry
43.3%
A Room With A View, Howards EndJames Ivory
43%
Empire Strikes Back, Robocop 2Irvin Kershner
42.7%
Goldeneye, Casino RoyaleMartin Campbell
42.2%
The Crying Game, Michael CollinsNeil Jordan
42.2%
Alien: Ressurection, AmelieJean-Pierre Jeunet
41.9%
The Cider House Rules, ChocolatLasse Hallstrom
41.8%
Donnie Darko, The BoxRichard Kelly
41.7%
Speed, TwisterJan De Bont
41.7%
Let Right One In, Tinker Tailor Soldier SpyTomas Alfredson
41.3%
Shakespeare In Love, Mrs BrownJohn Madden
41.2%
Love Actually, The Boat That RockedRichard Curtis
41.2%
Blood Diamond, The Last SamuraiEd Zwick
41.2%
Dead Man Walking, Cradle Will RockTim Robbins
41.1%
All The President's Men, Sophie's ChoiceAlan J. Pakula
41%
The Green Hornet, Be Kind RewindMichel Gondry
40.7%
The Manchurian Candidate, RoninJohn Frankenheimer
40.5%
Fatal Attraction, FlashdanceAdrian Lyne
40.5%
Captain America, Jurassic Park 3Joe Johnston
39.9%
Ray, The Devil's AdvocateTaylor Hackford
39.8%
Anchorman, The Other GuysAdam McKay
39.5%
Little Shop Of Horrors, Death At A FuneralFrank Oz
39.5%
A Time To Kill, PhoneboothJoel Schumacher
39.3%
The Fugitive, Under SiegeAndrew Davis
39.3%
Bronson, DriveNicolas Winding Refn
39.2%
Fahrenheit 451, The Last MetroFrancois Truffaut
39.1%
Rush Hour, Red DragonBrett Ratner
38.9%
Internal Affairs, Leaving Las VegasMike Figgis
38.6%
Shrek, Lion The Witch And The WardrobeAndrew Adamson
38.5%
Training Day, Tears Of The SunAntoine Fuqua
38.3%
Driving Miss Daisy, Tender MerciesBruce Beresford
38.1%
Example Films Director % Correct
Invention Of Lying, Cemetery JunctionRicky Gervais
37.9%
Finding Nemo, Wall-EAndrew Stanton
37.8%
The Others, The Sea InsideAlejandro Amenabar
37.8%
The Hangover, Old SchoolTodd Phillips
37.8%
Far From Heaven, I'm Not ThereTodd Haynes
37.8%
Kick-Ass, Layer CakeMatthew Vaughn
37.4%
City Of God, The Constant GardenerFernando Meirelles
37.3%
My Left Foot, The BoxerJim Sheridan
37.2%
Super Size Me, FreakonomicsMorgan Spurlock
37.2%
Donnie Brasco, Harry Potter 4Mike Newell
37%
3 Men & A Baby, Star Trek: Voyage HomeLeonard Nimoy
36.9%
Finding Neverland, Quantum Of SolaceMarc Forster
36.7%
I Am Legend, Catching FireFrancis Lawrence
36.5%
The Mission, The Killing FieldsRoland Joffe
36.4%
Beverly Hills Cop, Midnight RunMartin Brest
36.4%
The Notebook, My Sister's KeeperNick Cassavetes
36.1%
Cop Land, Walk The LineJames Mangold
35.7%
Meet The Parents, Austin PowersJay Roach
35.6%
Borat, BrunoLarry Charles
35.2%
Monsters Inc, UpPete Docter
35.1%
500 Days Of Summer, Amazing SpidermanMarc Webb
35%
Pleasantville, The Hunger GamesGary Ross
34.9%
Michael Clayton, DuplicityTony Gilroy
34.8%
Bad Santa, Ghost WorldTerry Zwigoff
34.5%
Oldboy, ThirstPark Chan-Wook
34.3%
Land Before Time, All Dogs Go To HeavenDon Bluth
34.3%
Riff-Raff, Looking For EricKen Loach
34.1%
Diving Bell & Butterfly, Before Night FallsJulian Schnabel
33.5%
The Thomas Crown Affair, The HurricaneNorman Jewison
33.3%
Quills, The Right StuffPhilip Kaufman
33.2%
American History X, Lake Of FireTony Kaye
33.2%
Meet The Browns, Why Did I Get Married?Tyler Perry
33.2%
Haute Tension, Piranha 3DAlexandre Aja
32.8%
The World Is Not Enough, EnigmaMichael Apted
32.8%
Looks Whos Talking, CluelessAmy Heckerling
32.4%
Superman III, Robin And MarianRichard Lester
32%
American Pie, About A BoyChris Weitz
31.8%
Die Hard 2, Deep Blue SeaRenny Harlin
31.5%
The Crow, I RobotAlex Proyas
31.3%
Dirty Harry, Escape From AlcatrazDon Siegel
31.1%
7 Years In Tibet, Enemy At The GatesJean-Jacques Annaud
31%
Audition, Dead Or AliveTakashi Miike
30.9%
The Mummy, The Mummy ReturnsStephen Sommers
30.8%
Chariots Of Fire, Lost AngelsHugh Hudson
30.7%
Night At The Museum, Real SteelShawn Levy
30.6%
Happy Gilmore, Big DaddyDennis Dugan
30.3%
Wyatt Earp, The Accidental TouristLawrence Kasdan
29.9%
Saturday Night Fever, Blue ThunderJohn Badham
29.7%
Cloverfield, Let Me InMatt Reeves
29.5%
Dreamgirls, Gods And MonstersBill Condon
29.5%
The Transporter, The Incredible HulkLouis Leterrier
29.1%
In The Bedroom, Little ChildrenTodd Field
28.9%
Last King Of Scotland, State Of PlayKevin Macdonald
28.7%
The Nightmare Before Christmas, CoralineHenry Selick
27.9%
Narc, Smokin' AcesJoe Carnahan
27.5%
Red Dawn, Conan The BarbarianJohn Milius
27.5%
Underworld, Die Hard 4.0Len Wiseman
27%
The Lives Of Others, The TouristFlorian Von Donnersmarck
26.8%
Patriot Games, SaltPhillip Noyce
26.8%
Babe, Miss PotterChris Noonan
26.7%
Cool Runnings, National TreasureJon Turteltaub
26.6%
Superbad, PaulGreg Mottola
26.4%
The Blind Side, The RookieJohn Lee Hancock
26.1%
The Illusionist, LimitlessNeil Burger
25.2%
Bull Durham, White Men Can't JumpRon Shelton
25%
Star Trek: Wrath Of Khan, The Day AfterNicholas Meyer
24.6%
Cool Hand Luke, BrubakerStuart Rosenberg
24.5%
First Blood, Weekend At BerniesTed Kotcheff
24.3%
Zombieland, 30 Minutes Or LessRuben Fleischer
24.3%
The Spy Who Loved Me, MoonrakerLewis Gilbert
24.1%
Night Watch, WantedTimur Bekmambetov
24%
1984, Il PostinoMichael Radford
24%
The Bank Job, Dante's PeakRoger Donaldson
23.7%
Escapist, Rise Of The Planet Of The ApesRupert Wyatt
23.7%
Disturbia, I Am Number FourD.J Caruso
23.6%
This Is England, Dead Man's ShoesShane Meadows
23.5%
First Blood Part II, TombstoneGeorge P. Cosmatos
23.4%
The Lion King, Stuart LittleRobert Minkoff
22.9%
Death Wish, Law ManMichael Winner
22.8%
Abandon, SyrianaStephen Gaghan
22.7%
Tomorrow Never Dies, Turner And HoochRoger Spottiswoode
22.7%
The Living Daylights, Licence To KillJohn Glen
22.6%
Judge Dredd, Goal!Danny Cannon
22.3%
Dirty Dancing, Sister ActEmile Ardolino
22.1%
Man In The Iron Mask, We Were SoldiersRandall Wallace
21.9%
Downfall, Das ExperimentOliver Hirschbirgel
21.6%
Winter's Bone, Down To The BoneDebra Granik
21.4%
Gone In 60 Seconds, SwordfishDominic Sena
20.9%
Notting Hill, Morning GloryRoger Michell
20.9%
The Long Good Friday, The 4th ProtocolJohn Mackenzie
20.7%
Highlander, Highlander IIRussell Mulcahy
20.5%
District 13, TakenPierre Morel
18.9%
Ice Age, RioCarlos Saldanha
18.8%
Hollywoodland, Remember MeAllen Coulter
18.6%
The Pursuit Of Happyness, Seven PoundsGabriele Muccino
18.4%
The Little Mermaid, AladdinJohn Musker
18.1%
Burnt By The Sun, Close To EdenNikita Mikhalkov
18%
Shrek 2, Monsters Vs AliensConrad Vernon
17.7%
Endgame, DreddPete Travis
17.2%
Mesrine, Assault On Precinct 13Jean-Francois Richet
16.3%

You're not logged in!

Compare scores with friends on all Sporcle quizzes.
OR
Log In

Sporcle TV

Today on Sporcle TV


Watch our educational content, quiz creation guides, and fun videos on Sporcle TV.

Show Comments

Extras

Top Quizzes Today


Score Distribution

Your Account Isn't Verified!

In order to create a playlist on Sporcle, you need to verify the email address you used during registration. Go to your Sporcle Settings to finish the process.

Report this User

Report this user for behavior that violates our Community Guidelines.

Details: